Silicon Photonic Modulators for Low-power Applications (Record no. 7471)
[ view plain ]
| 000 -LEADER | |
|---|---|
| fixed length control field | 00547nam a2200133Ia 4500 |
| 008 - FIXED-LENGTH DATA ELEMENTS--GENERAL INFORMATION | |
| fixed length control field | 220615s9999||||xx |||||||||||||| ||und|| |
| 022 ## - INTERNATIONAL STANDARD SERIAL NUMBER | |
| International Standard Serial Number | 18651100 |
| 100 ## - MAIN ENTRY--PERSONAL NAME | |
| Personal name | Palmer, Robert |
| 245 #0 - TITLE STATEMENT | |
| Title | Silicon Photonic Modulators for Low-power Applications |
| 546 ## - LANGUAGE NOTE | |
| Language note | English[eng] |
| 650 ## - SUBJECT ADDED ENTRY--TOPICAL TERM | |
| Topical term or geographic name entry element | elektro-optische Modulatoren||photonic integrated circuit||Silizium-Photonik||Pockel's effect||ChromophorSilicon photonic||electro-optic modulators||chromophore||integrierte Optik||Pockels-Effekt |
| 856 ## - ELECTRONIC LOCATION AND ACCESS | |
| Uniform Resource Identifier | <a href="https://www.ksp.kit.edu/9783731503866">https://www.ksp.kit.edu/9783731503866</a> |
| 942 ## - ADDED ENTRY ELEMENTS (KOHA) | |
| Koha item type | E-Books |
| Withdrawn status | Lost status | Damaged status | Not for loan | Home library | Current library | Date acquired | Total Checkouts | Date last seen | Price effective from | Koha item type |
|---|---|---|---|---|---|---|---|---|---|---|
| Kerala University of Digital Sciences, Innovation and Technology Knowledge Centre | Kerala University of Digital Sciences, Innovation and Technology Knowledge Centre | 15/06/2022 | 15/06/2022 | 15/06/2022 | E-Books |